Glee Quotes Quiz Stats

 Plays Quiz Updated Jan 14, 2019

Support Sporcle.
Go Orange.
Score 0/20 Timer 04:00
2 Plays Today
Quotes % Correct
Aw hell to the naw! Look, I’m not down with this background singing nonsense! I’m Beyoncé, I ain’t no Kelly Rowland!Mercedes Jones
95.3%
You think this was hard? Try auditioning for Baywatch and being told they're going in another direction. That was hard.Sue Sylvester
82.6%
Did you know that dolphins are just gay sharks?Brittany Pierce
73.6%
I had sex with you because you got me drunk on wine coolers and I felt fat that day. But it was a mistake.Quinn Fabray
73.4%
Aside from nudity and the exploitation of animals, I'll pretty much do anything to break into the businessRachel Berry
64%
Makeovers are like crack to me.Kurt Hummel
60.6%
I know. I've known since you were three. All you wanted for your birthday was a sensible pair of heels.Burt Hummel
60.6%
I'm like a lizard. I need something warm beneath me or I can't digest my food.Santana Lopez
52%
I'm a girl who knows her solvents, and your breath smells like rubbing alcohol.Emma Pillsbury
50%
They found out we've been serving the children prison food. Principal Figgins
48.9%
Quotes % Correct
I have to go. They'll think I'm poopingFinn Hudson
48%
Dude, my bowels have better moves than you.Noah 'Puck' Puckerman
47.4%
This is where our daughter or gay son will sleep! Terri Schuester
47%
I know our relationship isn't perfect... you cried that one time my elbow rubbed your breast.Ken Tanaka
37%
Who is Josh Groban!? Kill Yourself! Sandy Ryerson
36.7%
Your commitment to football is about as long as your pants.Will Schuester
34.5%
Sober? I’m rolling on a fist full of horse tranquilizers. I can’t feel my lipsApril Rhodes
31.7%
Did you know there's a forum on my blog that's begging you to stop rapping?Jacob Ben-Israel
30.2%
We're planning on smacking them down like the hand of GodArtie Abrams
23.2%
You could be my very own Situation.Tina Cohen-Chang
21.6%

From the Vault

Year by Historical Photo

by william2

History 7m
Because historical photos show up better than those not taken yet.
Remove Ads.
Support Sporcle.
Get the best of Sporcle when you Go Orange. This ad-free experience offers more features, more stats, and more fun while also helping to support Sporcle. Thank you for becoming a member.

Show Comments

Extras

Top Quizzes Today


Score Distribution

Your Account Isn't Verified!

In order to create a playlist on Sporcle, you need to verify the email address you used during registration. Go to your Sporcle Settings to finish the process.

Report this User

Report this user for behavior that violates our Community Guidelines.

Details: